How to demonstrate Satan's defeat. (Record no. 12728)

000 -LEADER
fixed length control field 00837nam a2200229 a 4500
001 - CONTROL NUMBER
control field :::00010542$&:&@@
003 - CONTROL NUMBER IDENTIFIER
control field OkBaRHE
005 - DATE AND TIME OF LATEST TRANSACTION
control field 20000607103400.0
008 - FIXED-LENGTH DATA ELEMENTS--GENERAL INFORMATION
fixed length control field s1978 j 000 0 eng u
040 ## - CATALOGING SOURCE
Transcribing agency
100 1# - MAIN ENTRY--PERSONAL NAME
Personal name Osteen, John.
245 10 - TITLE STATEMENT
Title How to demonstrate Satan's defeat.
260 ## - PUBLICATION, DISTRIBUTION, ETC. (IMPRINT)
Place of publication, distribution, etc Houston, TX., :
Name of publisher, distributor, etc John Osteen Publications
Date of publication, distribution, etc c1978
300 ## - PHYSICAL DESCRIPTION
Extent 32 p. ;
Dimensions 17 cm.
650 ## - SUBJECT ADDED ENTRY--TOPICAL TERM
Topical term or geographic name as entry element Christian Life
650 ## - SUBJECT ADDED ENTRY--TOPICAL TERM
Topical term or geographic name as entry element Devil
650 ## - SUBJECT ADDED ENTRY--TOPICAL TERM
Topical term or geographic name as entry element Holy Spirit
942 ## - ADDED ENTRY ELEMENTS (KOHA)
Source of classification or shelving scheme
Koha item type Books
Copies
Permanent Location Date last seen Price effective from Withdrawn status Shelving location Damaged status Current Location Full call number Total Checkouts Date checked out Koha item type Copy number Date acquired Not for loan Source of classification or shelving scheme Lost status Barcode
RHEMA Bible Training College2010-04-142010-04-14 General Stacks  BV 4501 .O8  Books22010-04-14   14971
RHEMA Bible Training College2010-04-142010-04-14 General Stacks  BV 4501 .O8  Books32010-04-14   14972
RHEMA Bible Training College2010-12-162010-04-14 General Stacks RHEMA Bible Training CollegeBV 4501 .O812010-11-04Books12010-04-14   10542